000 00281nam a22001337a 4500
008 170214b xxu||||| |||| 00| 0 eng d
020 _a9781570595615
041 _aeng
080 _22ED
_a61
100 _a4
101 _aSHM
245 _aVASCULAR DISEASE
_cETON
942 _2udc
_cBK
999 _c5420
_d5420